000 00705cam a22002533a 4500
001 24005
003 PGUSA
005 20140828083519.0
008 071224s2007||||xxu|||||s|||||000 1 eng d
040 _aPGUSA
_beng
042 _adc
050 4 _aPS
100 1 _aGarrett, Randall,
_d1927-1987
245 1 0 _aBut, I Don't Think
_h[electronic resource] /
_cRandall Garrett
260 _bProject Gutenberg,
_c2007
506 _aPublic domain in the USA.
516 _aElectronic text
653 _aScience fiction
653 _aPrecognition -- Fiction
653 _aSocial classes -- Fiction
830 0 _aProject Gutenberg
_v24005
856 4 0 _uhttp://www.gutenberg.org/ebooks/24005
942 _cEB
999 _c253260
_d253260